01507nam a2200337 a 4500001001200000003000800012006001900020007001500039008004100054020001800095020002700113040002100140035002100161050002500182245018200207260004400389300002700433490005800460504004100518505009500559533015200654650002400806650003300830655002900863700002000892700001800912710001700930830007900947856012601026999001701152ebr10569001CaPaEBRm u cr cn|||||||||120621s2012 dcua sb 000 0 eng d z9780821389706 z9780821389249 (e-book) aCaPaEBRcCaPaEBR a(OCoLC)79717542414aHD108.6b.U58 2012eb00aUntying the land knoth[electronic resource] :bmaking equitable, efficient, and sustainable use of industrial and commercial land /cedited by Xiaofang Shen ; with Xiaolun Sun. aWashington, D.C. :bWorld Bank,cc2012. axxviii, 276 p. :bill.1 aDirections in development. Private sector development aIncludes bibliographical references.0 apt. 1. Meeting the challenges : case studies -- pt. 2. Lessons learned : technical papers. aElectronic reproduction.bPalo Alto, Calif. :cebrary,d2011.nAvailable via World Wide Web.nAccess may be limited to ebrary affiliated libraries. 0aLand usexPlanning. 0aLand usexGovernment policy. 7aElectronic books.2local1 aShen, Xiaofang.1 aSun, Xiaolun.2 aebrary, Inc. 0aDirections in development (Washington, D.C.).pPrivate sector development.40uhttp://site.ebrary.com/lib/rucke/Doc?id=10569001zAn electronic book accessible through the World Wide Web; click to view c81832d81832